[Event "Gibraltar Chess Festival 2017 - Masters"]
[Site "Gibraltar ENG"]
[Date "2017.01.31"]
[Round "8.6"]
[White "Matlakov, Maxim"]
[Black "Edouard, Romain"]
[Result "1/2-1/2"]
[WhiteElo "2701"]
[BlackElo "2613"]
[PlyCount "91"]
[EventDate "2017.01.24"]
[EventType "swiss"]
[EventRounds "10"]
[EventCountry "ENG"]
[SourceTitle "Ajedrez en Madrid"]
[Source "lmi"]
[SourceDate "2017.01.24"]

1. d4 d5 2. c4 dxc4 3. e4 Nc6 4. Nf3 Bg4 5. d5 Ne5 6. Bf4 Ng6 7. Be3 Nf6 8.
Bxc4 e5 9. Nc3 Bd6 10. Bb5+ Kf8 11. O-O Nf4 12. Re1 g5 13. g3 Nh3+ 14. Kh1 Nh5
15. Be2 N5f4 16. Bf1 Rg8 17. gxf4 gxf4 18. Bxh3 Bxh3 19. Rg1 fxe3 20. Rxg8+
Kxg8 21. Qg1+ Kh8 22. Ng5 Qf6 23. Nxh3 Rg8 24. Qd1 exf2 25. Qe2 Bc5 26. Rf1 Qg6
27. Rxf2 Bxf2 28. Qxf2 Qg4 29. Ng1 b5 30. a3 a5 31. b4 axb4 32. axb4 f5 33. h3
Qg3 34. Qxg3 Rxg3 35. Nge2 Rxh3+ 36. Kg2 Rh4 37. Ng3 fxe4 38. Nxb5 e3 39. Nxc7
Rxb4 40. Kf3 h5 41. Nxh5 e4+ 42. Kxe3 Rb3+ 43. Kxe4 Rb7 44. d6 Rb6 45. Ke5 Rxd6
46. Kxd6 1/2-1/2

[Event "Gibraltar Chess Festival 2017 - Masters"]
[Site "Gibraltar ENG"]
[Date "2017.01.31"]
[Round "8.7"]
[White "Stefanova, Antoaneta"]
[Black "Cheparinov, Ivan"]
[Result "1/2-1/2"]
[WhiteElo "2512"]
[BlackElo "2689"]
[PlyCount "25"]
[EventDate "2017.01.24"]
[EventType "swiss"]
[EventRounds "10"]
[EventCountry "ENG"]
[SourceTitle "Ajedrez en Madrid"]
[Source "lmi"]
[SourceDate "2017.01.24"]

1. d4 Nf6 2. c4 e6 3. Nf3 d5 4. g3 Bb4+ 5. Bd2 Be7 6. Bg2 O-O 7. O-O c6 8. Qc2
Nbd7 9. Bf4 Nh5 10. Bd2 Nhf6 11. Bf4 Nh5 12. Bd2 Nhf6 13. Bf4 1/2-1/2

[Event "Gibraltar Chess Festival 2017 - Masters"]
[Site "Gibraltar ENG"]
[Date "2017.01.31"]
[Round "8.8"]
[White "Naiditsch, Arkadij"]
[Black "Akobian, Varuzhan"]
[Result "1/2-1/2"]
[WhiteElo "2702"]
[BlackElo "2633"]
[PlyCount "123"]
[EventDate "2017.01.24"]
[EventType "swiss"]
[EventRounds "10"]
[EventCountry "ENG"]
[SourceTitle "Ajedrez en Madrid"]
[Source "lmi"]
[SourceDate "2017.01.24"]

1. d4 e6 2. Nf3 Nf6 3. g3 b6 4. Bg2 Bb7 5. O-O c5 6. dxc5 Bxc5 7. c4 d5 8. Nh4
Qc8 9. cxd5 Bxd5 10. Bxd5 Nxd5 11. e4 Ne7 12. b4 Bxb4 13. Qd4 Qc5 14. Qxg7 Rg8
15. Qf6 Nd7 16. Qb2 Qc4 17. Bd2 Bc5 18. Re1 Rc8 19. Nf3 Nc6 20. Be3 Qb4 21. Qc2
Bxe3 22. Rxe3 Ke7 23. Nc3 Nce5 24. Rb1 Qc5 25. Nxe5 Nxe5 26. Qe2 Ng4 27. Rb5
Qc4 28. Rd3 Rgd8 29. Rxd8 Qxe2 30. Nxe2 Rxd8 31. Rb2 Ne5 32. Nc3 Rc8 33. Ne2
Rc4 34. f4 Nd3 35. Rd2 Rxe4 36. Nc3 Re1+ 37. Kg2 Nc5 38. Nb5 a6 39. Na7 Kf6 40.
Nc6 h5 41. Kh3 Ne4 42. Rb2 Ra1 43. Nb8 Nc5 44. Rxb6 Rxa2 45. Rc6 Nd3 46. Rxa6
Rd2 47. Ra7 Kg6 48. Nc6 h4 49. Rd7 f6 50. Ne7+ Kh6 51. Kxh4 Rxh2+ 52. Kg4 f5+
53. Nxf5+ exf5+ 54. Kxf5 Rh5+ 55. Kg4 Ne5+ 56. fxe5 Rxe5 57. Kf4 Ra5 58. Re7
Ra4+ 59. Kf5 Ra5+ 60. Kf6 Ra6+ 61. Kf5 Ra5+ 62. Kf6 1/2-1/2

[Event "Gibraltar Chess Festival 2017 - Masters"]
[Site "Gibraltar ENG"]
[Date "2017.01.31"]
[Round "8.9"]
[White "Gopal, G.N."]
[Black "Caruana, Fabiano"]
[Result "0-1"]
[WhiteElo "2579"]
[BlackElo "2827"]
[PlyCount "106"]
[EventDate "2017.01.24"]
[EventType "swiss"]
[EventRounds "10"]
[EventCountry "ENG"]
[SourceTitle "Ajedrez en Madrid"]
[Source "lmi"]
[SourceDate "2017.01.24"]

1. e4 e5 2. Nf3 Nc6 3. Bb5 g6 4. O-O Bg7 5. c3 a6 6. Ba4 d6 7. d4 Bd7 8. d5
Nce7 9. Bxd7+ Qxd7 10. c4 h6 11. Nc3 f5 12. Ne1 Nf6 13. f3 O-O 14. Nd3 g5 15.
exf5 Qxf5 16. Nf2 b5 17. Qe2 c6 18. Nfe4 Nxe4 19. Nxe4 bxc4 20. Nxd6 Qg6 21.
Nxc4 cxd5 22. Nxe5 Qe6 23. Re1 Nf5 24. Nd3 Qb6+ 25. Kh1 Rae8 26. Qf1 Rxe1 27.
Nxe1 Qg6 28. Qd3 Bd4 29. g4 Re8 30. Be3 Rxe3 31. Qxf5 Qxf5 32. gxf5 Bxb2 33.
Rd1 Bc3 34. Nc2 Re2 35. Nd4 Rxa2 36. Rd3 Bxd4 37. Rxd4 Ra5 38. Kg2 Kf7 39. Kg3
Kf6 40. Kg4 Rc5 41. f4 gxf4 42. Rd3 Ke5 43. Rd1 Rc4 44. Ra1 h5+ 45. Kg5 f3 46.
Rf1 Rg4+ 47. Kxh5 Rf4 48. Kg5 Rxf5+ 49. Kg4 f2 50. h4 Ke4 51. h5 Rf7 52. h6 Ke3
53. Kg5 Ke2 0-1

[Event "Gibraltar Chess Festival 2017 - Masters"]
[Site "Gibraltar ENG"]
[Date "2017.01.31"]
[Round "8.10"]
[White "Deac, Bogdan-Daniel"]
[Black "Svidler, Peter"]
[Result "1/2-1/2"]
[WhiteElo "2572"]
[BlackElo "2748"]
[PlyCount "80"]
[EventDate "2017.01.24"]
[EventType "swiss"]
[EventRounds "10"]
[EventCountry "ENG"]
[SourceTitle "Ajedrez en Madrid"]
[Source "lmi"]
[SourceDate "2017.01.24"]

1. Nf3 c5 2. c4 g6 3. e4 Bg7 4. d4 d6 5. d5 e6 6. Nc3 Ne7 7. h4 h6 8. Be3 a6 9.
a4 exd5 10. cxd5 Bg4 11. Be2 f5 12. Ng1 Qb6 13. Qc2 O-O 14. Bxg4 fxg4 15. Nge2
Nd7 16. a5 Qd8 17. Nf4 b5 18. axb6 Qxb6 19. Ne6 Rfb8 20. Nxg7 Kxg7 21. Qd2 Ng8
22. Bf4 Ne5 23. Ra2 Nc4 24. Qe2 Rf8 25. Bg3 Qb3 26. O-O Nf6 27. Rc1 Rfe8 28.
Raa1 a5 29. f4 gxf3 30. gxf3 Nh5 31. Bh2 Rf8 32. Qc2 Qxc2 33. Rxc2 Rxf3 34. Nb5
Ne3 35. Re2 Raf8 36. Bxd6 R8f7 37. Rae1 Ng4 38. Rg2 Ne3 39. Rge2 Ng4 40. Rg2
Ne3 1/2-1/2

[Event "Gibraltar Chess Festival 2017 - Masters"]
[Site "Gibraltar ENG"]
[Date "2017.01.31"]
[Round "8.11"]
[White "Muzychuk, Anna"]
[Black "Vitiugov, Nikita"]
[Result "1/2-1/2"]
[WhiteElo "2558"]
[BlackElo "2724"]
[PlyCount "60"]
[EventDate "2017.01.24"]
[EventType "swiss"]
[EventRounds "10"]
[EventCountry "ENG"]
[SourceTitle "Ajedrez en Madrid"]
[Source "lmi"]
[SourceDate "2017.01.24"]

1. e4 e5 2. Nf3 Nc6 3. Nc3 Nf6 4. d4 exd4 5. Nxd4 Bb4 6. Nxc6 bxc6 7. Bd3 O-O
8. O-O d5 9. exd5 cxd5 10. h3 c6 11. Qf3 Rb8 12. Bf4 Bd6 13. b3 Rb7 14. Bxd6
Qxd6 15. Rfe1 Re7 16. Rxe7 Qxe7 17. Qe3 Re8 18. Qxe7 Rxe7 19. Na4 Kf8 20. Rd1
Be6 21. Nc5 g6 22. c4 Rc7 23. Rc1 Ke7 24. Na6 Rb7 25. Nc5 Rc7 26. Na6 Rb7 27.
Nc5 Rc7 28. Na6 Rb7 29. Nc5 Rc7 30. Na6 Rb7 1/2-1/2

[Event "Gibraltar Chess Festival 2017 - Masters"]
[Site "Gibraltar ENG"]
[Date "2017.01.31"]
[Round "8.12"]
[White "Donchenko, Alexander"]
[Black "Shankland, Samuel L"]
[Result "1/2-1/2"]
[WhiteElo "2559"]
[BlackElo "2674"]
[PlyCount "57"]
[EventDate "2017.01.24"]
[EventType "swiss"]
[EventRounds "10"]
[EventCountry "ENG"]
[SourceTitle "Ajedrez en Madrid"]
[Source "lmi"]
[SourceDate "2017.01.24"]

1. Nf3 d6 2. d4 f5 3. g3 Nf6 4. Bg2 g6 5. O-O Bg7 6. c4 O-O 7. Nc3 Nc6 8. b3 e5
9. dxe5 dxe5 10. Ba3 Re8 11. Qc1 e4 12. Rd1 Bd7 13. Ne1 Ne5 14. f3 exf3 15.
exf3 c6 16. Nd3 Qa5 17. Nxe5 Rxe5 18. Bd6 Re6 19. b4 Qb6+ 20. c5 Qxb4 21. Rb1
Qa5 22. Rxb7 Rae8 23. Bf1 Kh8 24. Rb3 Re3 25. Ra3 Qb4 26. Rb3 Qa5 27. Ra3 Qb4
28. Rb3 Qa5 29. Ra3 1/2-1/2

[Event "Gibraltar Chess Festival 2017 - Masters"]
[Site "Gibraltar ENG"]
[Date "2017.01.31"]
[Round "8.13"]
[White "Fressinet, Laurent"]
[Black "Vocaturo, Daniele"]
[Result "1-0"]
[WhiteElo "2660"]
[BlackElo "2606"]
[PlyCount "145"]
[EventDate "2017.01.24"]
[EventType "swiss"]
[EventRounds "10"]
[EventCountry "ENG"]
[SourceTitle "Ajedrez en Madrid"]
[Source "lmi"]
[SourceDate "2017.01.24"]

1. e4 e6 2. d4 d5 3. Nd2 c5 4. exd5 Qxd5 5. dxc5 Nf6 6. Ngf3 Qxc5 7. Bd3 Nbd7
8. O-O Qc7 9. Nb3 Be7 10. a4 O-O 11. a5 Nc5 12. Nxc5 Qxc5 13. Be3 Qc7 14. Bd4
Rd8 15. Be5 Qc5 16. Qe2 Bd7 17. Bd4 Qc7 18. Rfd1 Bc6 19. Be5 Bd6 20. Bxf6 gxf6
21. Be4 Bxe4 22. Qxe4 f5 23. Qh4 Bf8 24. Qg3+ Qxg3 25. hxg3 Bg7 26. c3 Kf8 27.
Kf1 Ke7 28. Ke2 Rxd1 29. Kxd1 Rd8+ 30. Kc2 Rd5 31. b4 Kd7 32. Ra3 Rb5 33. Rb3
Bf8 34. Rb1 h6 35. Rd1+ Kc7 36. Kb3 a6 37. Kc2 Bg7 38. Kb3 Bf8 39. Kc4 Be7 40.
Rd2 Bf8 41. Kb3 Be7 42. Ne1 Re5 43. Nc2 Bf6 44. Ne3 Bg5 45. Nc4 Re1 46. f4 Be7
47. Rd3 f6 48. Re3 Rxe3 49. Nxe3 b6 50. axb6+ Kxb6 51. Nc2 Kc6 52. c4 Bd8 53.
Nd4+ Kd6 54. Ka4 h5 55. Nb3 e5 56. b5 axb5+ 57. Kxb5 Bc7 58. Nc1 Bb8 59. Nd3
Bc7 60. Nb4 Bb8 61. c5+ Kd7 62. Nd5 Bc7 63. Nxf6+ Ke6 64. fxe5 Bxe5 65. Nxh5
Kd5 66. Nf4+ Ke4 67. c6 Ke3 68. Kc5 Ke4 69. Nh5 Bc7 70. Nf6+ Kd3 71. Ne8 Bxg3
72. Nd6 Bf2+ 73. Kb5 1-0

[Event "Gibraltar Chess Festival 2017 - Masters"]
[Site "Gibraltar ENG"]
[Date "2017.01.31"]
[Round "8.16"]
[White "Carlstedt, Jonathan"]
[Black "Piorun, Kacper"]
[Result "1/2-1/2"]
[WhiteElo "2413"]
[BlackElo "2651"]
[PlyCount "68"]
[EventDate "2017.01.24"]
[EventType "swiss"]
[EventRounds "10"]
[EventCountry "ENG"]
[SourceTitle "Ajedrez en Madrid"]
[Source "lmi"]
[SourceDate "2017.01.24"]

1. d4 Nf6 2. c4 e6 3. Nc3 Bb4 4. Qc2 O-O 5. Nf3 c5 6. dxc5 Na6 7. g3 Nxc5 8.
Bg2 b6 9. O-O Bb7 10. Bf4 Nce4 11. Ng5 Nxg5 12. Bxg5 Bxg2 13. Kxg2 Be7 14. Rad1
Qc7 15. Qd3 Rfc8 16. Qf3 a6 17. Rd2 Qxc4 18. Bxf6 Bxf6 19. Rxd7 Qc6 20. Qxc6
Rxc6 21. Rfd1 Kf8 22. Rb7 Rd8 23. Rxd8+ Bxd8 24. Kf3 Bc7 25. Ke4 Ke7 26. Ra7 b5
27. Kd3 Kd7 28. Ra8 h5 29. Rh8 g6 30. Rh7 Ke8 31. f4 Rd6+ 32. Kc2 Rc6 33. Kd3
Rd6+ 34. Kc2 Rc6 1/2-1/2

[Event "Gibraltar Chess Festival 2017 - Masters"]
[Site "Gibraltar ENG"]
[Date "2017.01.31"]
[Round "8.18"]
[White "Kovalenko, Igor"]
[Black "Grigoriants, Sergey"]
[Result "1-0"]
[WhiteElo "2684"]
[BlackElo "2564"]
[PlyCount "161"]
[EventDate "2017.01.24"]
[EventType "swiss"]
[EventRounds "10"]
[EventCountry "ENG"]
[SourceTitle "Ajedrez en Madrid"]
[Source "lmi"]
[SourceDate "2017.01.24"]

1. c4 e5 2. Nc3 Nc6 3. g3 Bc5 4. Bg2 d6 5. e3 a6 6. a3 Nf6 7. Nge2 O-O 8. h3
Ne7 9. O-O Rb8 10. f4 Ba7 11. Kh2 b5 12. cxb5 axb5 13. b4 Bd7 14. Bb2 Nc8 15.
Rc1 Nb6 16. d3 Qe7 17. e4 Rbc8 18. Ng1 c5 19. Nf3 exf4 20. gxf4 Bb8 21. Qd2 Nh5
22. Nd5 Nxd5 23. exd5 cxb4 24. Rce1 Qd8 25. axb4 Ba7 26. Ng5 h6 27. Ne4 Bf5 28.
Ra1 Bb6 29. Ra6 Rb8 30. Qe1 Re8 31. Ba1 Rb7 32. Bc3 Rb8 33. Qd1 Bxe4 34. dxe4
Nf6 35. Qd3 Nd7 36. Qg3 f6 37. h4 Qe7 38. Ra2 Ra8 39. Rxa8 Rxa8 40. Qg4 Nf8 41.
h5 Ra3 42. Rf3 Ra7 43. Qf5 Rc7 44. Bf1 Qe8 45. Kh3 Rf7 46. Bb2 Ba7 47. Rc3 Qb8
48. Rc6 Bg1 49. Qg4 Qa7 50. Qf3 Bd4 51. Bc1 f5 52. Rxd6 fxe4 53. Qxe4 Re7 54.
Re6 Nxe6 55. dxe6 Bf6 56. Bd3 Kf8 57. Be3 Qb7 58. Bc5 Qxe4 59. Bxe4 Ke8 60.
Bc6+ Kd8 61. Bb6+ Kc8 62. f5 Rc7 63. Bxb5 Rc3+ 64. Kg4 Kb7 65. Bc5 Rxc5 66.
bxc5 Kc7 67. Kf4 Kd8 68. Ke4 Ke7 69. Kd5 Bh4 70. Kc6 Bf2 71. Be2 Be3 72. Bg4
Bf2 73. Kb5 Be3 74. c6 Bf4 75. Kb6 Kd8 76. Kb7 Be5 77. Bh3 Bd6 78. c7+ Bxc7 79.
e7+ Kxe7 80. Kxc7 Kf7 81. Kd7 1-0

[Event "Gibraltar Chess Festival 2017 - Masters"]
[Site "Gibraltar ENG"]
[Date "2017.01.31"]
[Round "8.20"]
[White "Santos Ruiz, Miguel"]
[Black "Iturrizaga Bonelli, Eduardo"]
[Result "1/2-1/2"]
[WhiteElo "2484"]
[BlackElo "2652"]
[PlyCount "51"]
[EventDate "2017.01.24"]
[EventType "swiss"]
[EventRounds "10"]
[EventCountry "ENG"]
[SourceTitle "Ajedrez en Madrid"]
[Source "lmi"]
[SourceDate "2017.01.24"]

1. e4 g6 2. d4 Bg7 3. Nc3 d6 4. Be3 a6 5. Qd2 b5 6. f3 Bb7 7. h4 h6 8. a4 c6 9.
Bd3 Nd7 10. Nce2 Ngf6 11. Nh3 e5 12. axb5 axb5 13. O-O d5 14. Rxa8 Bxa8 15.
exd5 Nxd5 16. f4 e4 17. Bxe4 Qxh4 18. Bxd5 cxd5 19. f5 O-O 20. f6 Nxf6 21. Rf4
Ng4 22. Bf2 Qh5 23. Ng3 Qh4 24. Ne2 Qh5 25. Ng3 Qh4 26. Ne2 1/2-1/2

[Event "Gibraltar Chess Festival 2017 - Masters"]
[Site "Gibraltar ENG"]
[Date "2017.01.31"]
[Round "8.23"]
[White "Cramling, Pia"]
[Black "Istratescu, Andrei"]
[Result "1/2-1/2"]
[WhiteElo "2454"]
[BlackElo "2593"]
[PlyCount "92"]
[EventDate "2017.01.24"]
[EventType "swiss"]
[EventRounds "10"]
[EventCountry "ENG"]
[SourceTitle "Ajedrez en Madrid"]
[Source "lmi"]
[SourceDate "2017.01.24"]

1. d4 Nf6 2. c4 e6 3. Nf3 d5 4. Nc3 c6 5. Bg5 dxc4 6. a4 Bb4 7. e4 c5 8. Bxc4
cxd4 9. Nxd4 h6 10. Bb5+ Nbd7 11. Bxf6 Qxf6 12. O-O a6 13. e5 Qxe5 14. Re1 Qd6
15. Nxe6 Qxd1 16. Nc7+ Kd8 17. Rexd1 Kxc7 18. Nd5+ Kb8 19. Bxd7 Bxd7 20. Nxb4
Be6 21. Nd5 a5 22. Nf4 Bc4 23. Rd4 Rc8 24. Nd5 Ka7 25. h4 Rc5 26. Rc1 Rac8 27.
Ne7 R8c7 28. Nf5 Rxf5 29. Rcxc4 Rxc4 30. Rxc4 Kb6 31. b4 axb4 32. Rxb4+ Ka6 33.
g4 Rd5 34. Kg2 b6 35. Kg3 g5 36. f3 Ka5 37. Re4 Rd3 38. hxg5 hxg5 39. Re7 Kxa4
40. Ra7+ Kb4 41. Rxf7 Rd5 42. f4 Rd3+ 43. Kf2 gxf4 44. Rxf4+ Kc5 45. g5 b5 46.
g6 Rd8 1/2-1/2

[Event "Gibraltar Chess Festival 2017 - Masters"]
[Site "Gibraltar ENG"]
[Date "2017.01.31"]
[Round "8.26"]
[White "Antipov, Mikhail Al"]
[Black "Esserman, Marc"]
[Result "1/2-1/2"]
[WhiteElo "2580"]
[BlackElo "2468"]
[PlyCount "89"]
[EventDate "2017.01.24"]
[EventType "swiss"]
[EventRounds "10"]
[EventCountry "ENG"]
[SourceTitle "Ajedrez en Madrid"]
[Source "lmi"]
[SourceDate "2017.01.24"]

1. e4 c5 2. Nf3 d6 3. Bb5+ Nd7 4. O-O a6 5. Bd3 Ngf6 6. Re1 e6 7. c3 b5 8. Bc2
c4 9. b4 Nb6 10. a4 Nxa4 11. Bxa4 bxa4 12. Qxa4+ Qd7 13. Nd4 Bb7 14. f3 Be7 15.
Qxd7+ Nxd7 16. Na3 Ne5 17. Nac2 g5 18. b5 axb5 19. Ba3 g4 20. Reb1 gxf3 21.
gxf3 Rg8+ 22. Kf1 Nxf3 23. Nxf3 Bxe4 24. Nfe1 Rg5 25. Bb4 Rb8 26. Ra6 Rh5 27.
Bxd6 Rd8 28. Bxe7 Kxe7 29. Ke2 Rxh2+ 30. Ke3 Bxc2 31. Nxc2 Rd3+ 32. Kf4 Rhxd2
33. Nd4 Rxc3 34. Nc6+ Kf6 35. Rf1 Kg7 36. Rg1+ Kf6 37. Rf1 Rcc2 38. Ke3+ Kg7
39. Ra7 Re2+ 40. Kf3 e5 41. Rg1+ Kf6 42. Ra6 e4+ 43. Kg4 Rg2+ 44. Rxg2 Rxg2+
45. Kf4 1/2-1/2

[Event "Gibraltar Chess Festival 2017 - Masters"]
[Site "Gibraltar ENG"]
[Date "2017.01.31"]
[Round "8.27"]
[White "Sundararajan, Kidambi"]
[Black "Schroeder, Jan-Christian"]
[Result "1/2-1/2"]
[WhiteElo "2420"]
[BlackElo "2550"]
[PlyCount "85"]
[EventDate "2017.01.24"]
[EventType "swiss"]
[EventRounds "10"]
[EventCountry "ENG"]
[SourceTitle "Ajedrez en Madrid"]
[Source "lmi"]
[SourceDate "2017.01.24"]

1. d4 Nf6 2. Nf3 d5 3. c4 e6 4. Nc3 c5 5. e3 a6 6. cxd5 exd5 7. Be2 Nc6 8. O-O
Be6 9. b3 cxd4 10. Nxd4 Bd6 11. Bb2 O-O 12. Nxc6 bxc6 13. Rc1 c5 14. Bf3 Rc8
15. g3 Be5 16. Qe2 c4 17. Rfd1 Qa5 18. Qd2 cxb3 19. axb3 Rfd8 20. Ne2 Qxd2 21.
Rxd2 Rxc1+ 22. Nxc1 Bxb2 23. Rxb2 d4 24. exd4 Rxd4 25. Kg2 g5 26. h3 Nd7 27.
Re2 Kg7 28. Re4 Rxe4 29. Bxe4 a5 30. f4 Nc5 31. Bc2 gxf4 32. gxf4 Kf6 33. Kf3
Bf5 34. Bxf5 Kxf5 35. Ke3 h5 36. Kf3 Ke6 37. Kg3 Kf5 38. Kf3 h4 39. Ke3 f6 40.
Kf3 Ne4 41. Ke3 Nc5 42. Kf3 Ne4 43. Ke3 1/2-1/2

[Event "Gibraltar Chess Festival 2017 - Masters"]
[Site "Gibraltar ENG"]
[Date "2017.01.31"]
[Round "8.30"]
[White "Shachar, Ehud"]
[Black "Lemos, Damian"]
[Result "1/2-1/2"]
[WhiteElo "2374"]
[BlackElo "2516"]
[PlyCount "79"]
[EventDate "2017.01.24"]
[EventType "swiss"]
[EventRounds "10"]
[EventCountry "ENG"]
[SourceTitle "Ajedrez en Madrid"]
[Source "lmi"]
[SourceDate "2017.01.24"]

1. e4 e5 2. Nf3 Nc6 3. Bb5 a6 4. Ba4 Nf6 5. O-O Be7 6. Re1 b5 7. Bb3 d6 8. c3
O-O 9. d4 Bg4 10. d5 Na5 11. Bc2 Qc8 12. h3 Bd7 13. Nbd2 c6 14. dxc6 Qxc6 15.
Nf1 Rfc8 16. Ne3 Nc4 17. Nf5 Bxf5 18. exf5 h6 19. Qe2 Bd8 20. a4 Bc7 21. b3 Nb6
22. axb5 axb5 23. Bd2 Rxa1 24. Rxa1 Nbd5 25. c4 bxc4 26. bxc4 Bb6 27. Rc1 Ne7
28. Bb1 e4 29. Nh2 Nxf5 30. Ng4 Nxg4 31. Qxg4 e3 32. Bc3 exf2+ 33. Kh1 Qxc4 34.
Qxf5 g6 35. Qf6 Bd4 36. Bxd4 Qxc1+ 37. Kh2 f1=N+ 38. Kh1 Ng3+ 39. Kh2 Nf1+ 40.
Kh1 1/2-1/2

[Event "Gibraltar Chess Festival 2017 - Masters"]
[Site "Gibraltar ENG"]
[Date "2017.01.31"]
[Round "8.31"]
[White "Kozak, Adam"]
[Black "Mikhalevski, Victor"]
[Result "0-1"]
[WhiteElo "2376"]
[BlackElo "2504"]
[PlyCount "118"]
[EventDate "2017.01.24"]
[EventType "swiss"]
[EventRounds "10"]
[EventCountry "ENG"]
[SourceTitle "Ajedrez en Madrid"]
[Source "lmi"]
[SourceDate "2017.01.24"]

1. Nf3 c5 2. c4 Nc6 3. g3 g6 4. Bg2 Bg7 5. Nc3 e5 6. O-O Nge7 7. d3 d6 8. a3 a5
9. Rb1 O-O 10. Bd2 h6 11. Ne1 Be6 12. Nd5 Bxd5 13. cxd5 Nd4 14. Nc2 Qd7 15. b3
b5 16. e3 Nxc2 17. Qxc2 f5 18. Rfc1 b4 19. Qc4 Nc8 20. a4 Nb6 21. Qc2 Qf7 22.
Rf1 Nxd5 23. Qc4 Nf6 24. Bxa8 Rxa8 25. Qc2 e4 26. Rfd1 exd3 27. Qxd3 Ne4 28.
Rbc1 Re8 29. Be1 Bf8 30. h4 Nf6 31. f3 Nd7 32. Kg2 Ne5 33. Qd5 Qxd5 34. Rxd5
Nd7 35. Bf2 Nf6 36. Rd2 Kf7 37. Kf1 g5 38. hxg5 hxg5 39. Kg2 g4 40. Rh1 Rc8 41.
Rhd1 Ke6 42. Rc2 d5 43. Rdc1 Bd6 44. Be1 gxf3+ 45. Kxf3 Ng4 46. Bd2 Rh8 47. Be1
Rc8 48. Bd2 c4 49. Rh1 c3 50. Bc1 Rg8 51. Rg2 Nf6 52. Rh4 Rg6 53. Rh8 Ne4 54.
Re8+ Kd7 55. Ra8 Nc5 56. Rxa5 Nxb3 57. Ra7+ Kc6 58. Bb2 Rxg3+ 59. Rxg3 Bxg3 0-1

[Event "Gibraltar Chess Festival 2017 - Masters"]
[Site "Gibraltar ENG"]
[Date "2017.01.31"]
[Round "8.35"]
[White "Henderson De La Fuente, Lance"]
[Black "Gupta, Abhijeet"]
[Result "1-0"]
[WhiteElo "2380"]
[BlackElo "2645"]
[PlyCount "103"]
[EventDate "2017.01.24"]
[EventType "swiss"]
[EventRounds "10"]
[EventCountry "ENG"]
[SourceTitle "Ajedrez en Madrid"]
[Source "lmi"]
[SourceDate "2017.01.24"]

1. e4 c5 2. Nf3 d6 3. d4 cxd4 4. Nxd4 Nf6 5. Nc3 Nc6 6. Bg5 e6 7. Qd2 a6 8.
O-O-O Bd7 9. f3 Be7 10. h4 h6 11. Be3 h5 12. Bg5 Ne5 13. f4 Neg4 14. Qe1 Qc7
15. Be2 Bc6 16. Bf3 Rc8 17. Qe2 O-O 18. Rhe1 Rfd8 19. Kb1 Qb6 20. Nb3 Qc7 21.
Nd4 Qb6 22. Nb3 Re8 23. Bxg4 hxg4 24. h5 g3 25. Nd4 Bd7 26. Nb3 Bb5 27. Nxb5
axb5 28. Bxf6 Bxf6 29. Qd3 Qf2 30. Rf1 Qxg2 31. Rg1 Qh2 32. Rh1 Qf2 33. Rhf1
Qh2 34. Rh1 Qf2 35. Rhf1 Qa7 36. Qxg3 Bxb2 37. Rd3 Ra8 38. Kxb2 Qa3+ 39. Kb1
Qxa2+ 40. Kc1 Rec8 41. Qg2 Qa3+ 42. Kb1 Qa2+ 43. Kc1 Qa3+ 44. Kd1 Qb2 45. Rg1
Ra3 46. Rd2 b4 47. e5 Ra1+ 48. Nxa1 Qxa1+ 49. Ke2 Qa6+ 50. Ke1 Qa1+ 51. Kf2
Qa7+ 52. Kf3 1-0

[Event "Gibraltar Chess Festival 2017 - Masters"]
[Site "Gibraltar ENG"]
[Date "2017.01.31"]
[Round "8.37"]
[White "Kaidanov, Gregory S"]
[Black "Garriga Cazorla, Pere"]
[Result "0-1"]
[WhiteElo "2572"]
[BlackElo "2386"]
[PlyCount "112"]
[EventDate "2017.01.24"]
[EventType "swiss"]
[EventRounds "10"]
[EventCountry "ENG"]
[SourceTitle "Ajedrez en Madrid"]
[Source "lmi"]
[SourceDate "2017.01.24"]

1. Nf3 c5 2. c4 Nc6 3. Nc3 Nf6 4. e3 g6 5. d4 cxd4 6. exd4 d5 7. Bg5 Be6 8.
Bxf6 exf6 9. h3 Bb4 10. c5 Qa5 11. Qd2 O-O 12. Be2 b6 13. cxb6 axb6 14. Rc1
Rfc8 15. a3 Be7 16. O-O Qa7 17. Qe3 Qd7 18. Bb5 Qd6 19. Rfe1 Bf8 20. Ne2 Na5
21. Nd2 h5 22. b4 Nc4 23. Bxc4 dxc4 24. Ne4 Qd8 25. d5 Bf5 26. Nd4 Bxe4 27.
Qxe4 f5 28. Qf3 Qd7 29. Nc6 b5 30. Re3 Re8 31. Rce1 Rxe3 32. Rxe3 Bg7 33. d6
Kh7 34. Re7 Qxd6 35. Rxf7 Rf8 36. Rb7 Rf6 37. Na7 Re6 38. g3 Re4 39. Kg2 h4 40.
g4 Rf4 41. Nxb5 Qe5 42. Qe3 Qd5+ 43. f3 Qxb7 44. Qxf4 Qxb5 45. gxf5 Qd5 46. f6
Bh6 47. Qc7+ Kg8 48. Qe7 Qf7 49. Qc5 Qe6 50. Kf2 Bd2 51. f7+ Qxf7 52. Ke2 Bh6
53. b5 Qe6+ 54. Kf2 Bd2 55. Qc6 Qe1+ 56. Kg2 Qe2+ 0-1

[Event "Gibraltar Chess Festival 2017 - Masters"]
[Site "Gibraltar ENG"]
[Date "2017.01.31"]
[Round "8.38"]
[White "Muzychuk, Mariya"]
[Black "Ladron De Guevara Pinto, Paolo"]
[Result "1-0"]
[WhiteElo "2546"]
[BlackElo "2386"]
[PlyCount "121"]
[EventDate "2017.01.24"]
[EventType "swiss"]
[EventRounds "10"]
[EventCountry "ENG"]
[SourceTitle "Ajedrez en Madrid"]
[Source "lmi"]
[SourceDate "2017.01.24"]

1. d4 Nf6 2. Bg5 e6 3. e4 h6 4. Bxf6 Qxf6 5. Nc3 Bb4 6. e5 Qe7 7. Qd3 d5 8. a3
Bxc3+ 9. Qxc3 b6 10. f4 c5 11. Nf3 O-O 12. Qe3 cxd4 13. Nxd4 Ba6 14. Bxa6 Nxa6
15. O-O Nc5 16. f5 exf5 17. Nxf5 Qg5 18. Qxg5 hxg5 19. Rad1 g6 20. Nd6 Rad8 21.
Rxd5 Rd7 22. b4 Ne6 23. c4 Re7 24. Re1 Rd8 25. g3 Rc7 26. Red1 Ra8 27. Rc1 Re7
28. Re1 Rd8 29. a4 Nc7 30. Rdd1 Na6 31. Nf5 Red7 32. Ne7+ Kf8 33. Rxd7 Rxd7 34.
Nd5 Nc7 35. Rd1 Ne6 36. Kf2 Nd8 37. Re1 Ne6 38. Kf3 Rd8 39. Rc1 Kg7 40. Ke4 Rc8
41. Rc2 Kf8 42. Ke3 Rc6 43. Nf6 Ke7 44. Ne4 a5 45. bxa5 bxa5 46. c5 Rc7 47. h3
Kd7 48. Rd2+ Ke7 49. Rd5 Nd8 50. Nxg5 Nc6 51. Ne4 Ke6 52. Rd6+ Kxe5 53. Ng5 Kf5
54. Nxf7 Re7+ 55. Kf3 Ne5+ 56. Nxe5 Rxe5 57. g4+ Kg5 58. h4+ Kh6 59. h5 Rxc5
60. Rxg6+ Kh7 61. Re6 1-0

[Event "Gibraltar Chess Festival 2017 - Masters"]
[Site "Gibraltar ENG"]
[Date "2017.01.31"]
[Round "8.39"]
[White "Szabo, Bence"]
[Black "Spraggett, Kevin"]
[Result "1/2-1/2"]
[WhiteElo "2378"]
[BlackElo "2542"]
[PlyCount "63"]
[EventDate "2017.01.24"]
[EventType "swiss"]
[EventRounds "10"]
[EventCountry "ENG"]
[SourceTitle "Ajedrez en Madrid"]
[Source "lmi"]
[SourceDate "2017.01.24"]

1. d4 Nf6 2. c4 e6 3. Nc3 Bb4 4. Qc2 c5 5. dxc5 Qc7 6. a3 Bxc5 7. b4 Be7 8. Nb5
Qc6 9. Nf3 d6 10. e4 a6 11. Nxd6+ Qxd6 12. e5 Qc7 13. exf6 Bxf6 14. Bb2 Nd7 15.
Rc1 a5 16. Bxf6 Nxf6 17. Be2 axb4 18. axb4 b6 19. O-O Bb7 20. Rfd1 O-O 21. h3
h6 22. Qb3 Rfd8 23. Rxd8+ Rxd8 24. Rd1 Rxd1+ 25. Qxd1 Bxf3 26. Bxf3 Nd7 27. Be2
Kf8 28. Qd4 Ne5 29. Qc3 Nd7 30. Qd4 Ne5 31. Qc3 Nd7 32. Qd4 1/2-1/2